Normal view
MARC view
Entry Topical Term
001 - CONTROL NUMBER
- control field: 5246
003 - CONTROL NUMBER IDENTIFIER
- control field: OSt
005 - DATE AND TIME OF LATEST TRANSACTION
- control field: 20150611144611.0
008 - FIXED-LENGTH DATA ELEMENTS
- fixed length control field: 150611|| aca||aabn | a|a d
040 ## - CATALOGING SOURCE
- Original cataloging agency: OSt
- Transcribing agency: OSt
150 ## - HEADING--TOPICAL TERM
- Topical term or geographic name entry element: Educational counseling
- Geographic subdivision: Africa.
670 ## - SOURCE DATA FOUND
- Source citation: Work cat.: (OSt)2015: Biswalo, Paul M. 5245, An introduction to guidance and counselling in diverse African contexts /, c1996.
